000 00593nam a2200181 i 4500
001 98300
003 ES-MaACL
005 20230906182244.0
007 t|
008 050728m19721973sp ||||1| spa d
100 1 _aMartin, E. Wainright.
_977284
245 1 0 _aMatemáticas para tomar decisiones
_b: un texto básico programado /
_cE. Wrainright Martin; [traducción de Isabel Alonso Ruiz].
260 _aSalamanca :
_bAnaya,
_c1972-73.
300 _a2 v. :
_bil. ;
_c24 cm.
505 8 _aEs el tomo 1º y 2º
700 1 _aAlonso Ruiz, Isabel.
_920399
852 _aES-MaACL
_jP-1647
_bR.84475
999 _c98300
_d98300